| 000 | 00558nam a2200157Ia 4500 | ||
|---|---|---|---|
| 008 | 170221s9999 xx 000 0 und d | ||
| 100 | _aAnastasia G. Stamou | ||
| 245 | _aGreek Young Children’s Engagement with Media in the Home: Parents’ and Children’s Perspectives | ||
| 245 | _cAnastasia G. Stamou, Katerina Maroniti, Dimitris Schizas | ||
| 260 | _bStudies in Media and Communication | ||
| 260 | _c2012 | ||
| 300 | _a10 : | ||
| 650 | _xCommunication | ||
| 650 | _xMedia Arts | ||
| 856 | _uhttp://redfame.com/journal/index.php/smc/issue/view/20 | ||
| 999 |
_c309066 _d309066 |
||